Регионална библиотека "Любен Каравелов" - Русе

Биологично действие на лъченията (Запис номер 442920)

MARC детайли
000 -Лидер
Контролно поле с фиксирана дължина nam a22 a 4500
003 - Код на организацията, давaща контролен номер
Контролно поле BLK
005 - Дата и час на последна редакция
Контролно поле 20220202102622.0
008 - Елементи от данни с фиксирана дължина
fixed length control field 200315b bul|||||r ||||||| ||bul||
040 ## - Източник на каталожния запис
Идентификатор на билиотеката - собственик на записа BLK
041 ## - Код за език
Код за езика на текст/звукозапис или на отделно заглавие Български
Код за езика КДБФ Български
080 ## - УДК
Текстов определител УДК Радиоактивност и радиоактивно разпадане - Радиоактивни изотопи и техните характерни свойства, схеми на разпадане, алфа-, бета- и гама-радиоактивност и алфа-, бета- и гама-разпадане
УДК код - определител по УДК 539.16
УДК определител :61
УДК - код + определител 539.16
080 ## - УДК
Текстов определител УДК Увреждания от електричеството и облъчвания - Електротравми, увреждания от радиеви и рентгенови лъчи, лъчева болест, удар от мълния
УДК код - определител по УДК 616-001.2
УДК - код + определител 616-001.2
100 ## - Редна дума - Автор
R(LIN) 469878
Автор Бюгър, Джон
Авторска отговорност първи автор
139 ## - Редно поле
Редна дума Бюгър, Джон
245 10 - Сведения за заглавието
Заглавие Биологично действие на лъченията
Редно поле (дума) Дж. Бюгър
Подзаглавни данни Международна конф. за мирното използуване на атомната енергия, Женева
257 ## - Страна на издаване
Страна на създаване/издаване България
260 ## - Област на издателските данни
Място на издаване, разпространение и проч. София
Година на издаване 1956
300 ## - Физическа характеристика
Страници 9 с.
Размери/Мащаб 25 см
380 ## - Жанр
Жанр Естествени науки. Математика
500 ## - Общи забележки
Забележка Циклопеч.
650 #0 - Допълнително описание по предмет – тема
Основно описание – тема или топоним Радиация - биологично действие
9 (RLIN) 279557
852 ## - Местоположение
Форматна сигнатура Цб 3227
Фондова буква Основен фонд - ползва се само за читалня
856 4# - Електронен адрес и достъп
Електронен формат pdf - файл
Път до файла /url/
856 4# - Електронен адрес и достъп
Електронен формат pdf - файл
Път до файла /url/
999 ## - СИСТЕМНИ КОНТРОЛНИ НОМЕРА
Koha biblionumber 442920
Koha biblioitemnumber 442920
942 ## - АРТИКУЛИ
Вид на библиотечния материал Книги
Скрит в OPAC Не
Периодичен библиозапис Да
944 ## - СЪЗДАВАНЕ И РЕДАКЦИЯ на ЗАПИСА
Създаване/Редакция Създаване
Дата на регистрацията/редакция 2022-02-02
Служител, извършил регистрацията/редакцията К.Д.
Наличности
Код за отписване Код за изгубен артикул Източник на класификационната схема Код за повреда Коз за рестрикции Код за отдаване Артикулен № Име на библиотеката - собственик Име на библиотеката, в която се намира в момента Статус (Текущо местоположение) Дата на вписване в системата Местоположение - отдел Цена в лева Инвентарен номер Систематично азбучна сигнатура Баркод Цена в евро Служебен тип на артикула
  Не е изгубен Universal Decimal Classification Не е повреден само за читалня ползва се в читалня 869392 Регионална библиотека "Любен Каравелов" Русе Регионална библиотека "Любен Каравелов" Русе Хранилище 2022-02-03 Основен фонд - ползва се само за читалня 0.02 5756/56 Цб 3227 900000050889 0.01 Книги
Vip Innovations Ltd, Rousse, Bulgaria 2025